İçeriği atla
Inicio
Centros participantes
Catálogo
Servicios
Contacto
Giriş
English
Deutsch
Español
Français
Italiano
日本語
Nederlands
Português
Português (Brasil)
中文(简体)
中文(繁體)
Türkçe
עברית
Gaeilge
Cymraeg
Ελληνικά
Català
Euskara
Русский
Čeština
Suomi
Svenska
polski
Dansk
slovenščina
اللغة العربية
বাংলা
Galego
Tiếng Việt
Hrvatski
हिंदी
Հայերէն
Українська
Sámegiella
Dil
Tüm Alanlar
Materyal Adı
Yazar
Konu
Yer Numarası
ISBN/ISSN
Etiket
Ara
Gelişmiş
La ciudad y los niños en Améri...
Alıntıla
E-posta Gönder
Yazdır
Kaydı İhraç Et
İhraç Et RefWorks
İhraç Et EndNoteWeb
İhraç Et EndNote
Favorilerime ekle
Kalıcı bağlantı
Aktarım Tamamlandı —
İlk derecelendirmeyi ekleyin
La ciudad y los niños en América Latina /
Kaydedildi:
Detaylı Bibliyografya
Yazar:
Carrión, Diego
Diğer Yazarlar:
Vainstoc, Ana
Materyal Türü:
Metin
Baskı/Yayın Bilgisi:
Quito:
Ciudad
Etiketler:
Etiketle
Etiket eklenmemiş, İlk siz ekleyin!
Erişim Bilgileri
Diğer Bilgiler
Yorumlar
Benzer Materyaller
MARC Görünümü
MARC
LEADER
00000 a a2200000 04500
001
22195
003
040
090
|a
150500
100
|a
Carrión, Diego
245
|a
La ciudad y los niños en América Latina /
|c
Diego Carrión
260
|a
Quito:
|b
Ciudad
300
|a
305 p.
700
|a
Vainstoc, Ana
999
|c
16121
|d
16121
Benzer Materyaller
Industrialización periférica en el sistema de ciudades de Sinaloa /
Yazar:: Garza, Gustavo
Panorama y perspectivas de la economía mexicana. Memoria del Coloquio sobre Economía Mexicana, marzo de 1979 /
Yazar:: Lustig, Nora
El proceso de industrialización en Guatemala
Yazar:: Poitevin Dardon, René
Teoría y política del desarrollo económico /
Yazar:: Furtado, Celso
Tiempo realidad social y conocimiento: propuesta de interpretación
Yazar:: Bagú, Sergio